A little snowflake / (Record no. 8415)

MARC details
000 -LEADER
fixed length control field 01276cam a2200409 a 4500
001 - CONTROL NUMBER
control field 8415
003 - CONTROL NUMBER IDENTIFIER
control field FISKH
005 - DATE AND TIME OF LATEST TRANSACTION
control field 20250911091755.0
008 - FIXED-LENGTH DATA ELEMENTS--GENERAL INFORMATION
fixed length control field 040319s2003 nyua 000 1 eng d
010 ## - LIBRARY OF CONGRESS CONTROL NUMBER
LC control number 2004297505
020 ## - INTERNATIONAL STANDARD BOOK NUMBER
International Standard Book Number 0843102683
020 ## - INTERNATIONAL STANDARD BOOK NUMBER
International Standard Book Number 9780843102680
020 ## - INTERNATIONAL STANDARD BOOK NUMBER
International Standard Book Number 9780439556569
035 ## - SYSTEM CONTROL NUMBER
System control number 13529733
035 ## - SYSTEM CONTROL NUMBER
System control number (OCoLC)53832213
040 ## - CATALOGING SOURCE
Original cataloging agency WRac
Transcribing agency WRac
Modifying agency DLC
Language of cataloging eng
050 ## - LIBRARY OF CONGRESS CALL NUMBER
Classification number PZ7.M56775 L
082 ## - DEWEY DECIMAL CLASSIFICATION NUMBER
Classification number 454
100 1# - MAIN ENTRY--PERSONAL NAME
Personal name Metzger, Steve
245 12 - TITLE STATEMENT
Title A little snowflake /
Statement of responsibility, etc. by Steve Metzger ; illustrated by Monica Wellington
260 ## - PUBLICATION, DISTRIBUTION, ETC.
Place of publication, distribution, etc. New York :
Name of publisher, distributor, etc. Scholastic,
Date of publication, distribution, etc. 2003.
300 ## - PHYSICAL DESCRIPTION
Extent 30 unnumbered pages :
Other physical details color illustrations ;
Dimensions 26 cm
500 ## - GENERAL NOTE
General note Title shows through hole in cover.
500 ## - GENERAL NOTE
General note On board pages.
505 ## - FORMATTED CONTENTS NOTE
Formatted contents note J<br/>
520 ## - SUMMARY, ETC.
Summary, etc. One little snowflake leads the way to a special treat on Christmas Day.
521 8# - TARGET AUDIENCE NOTE
Target audience note 490<br/>
Source Lexile AD <br/>
521 8# - TARGET AUDIENCE NOTE
Target audience note J<br/>
Source Raz-Plus<br/>
650 #0 - SUBJECT ADDED ENTRY--TOPICAL TERM
Topical term or geographic name entry element Christmas stories.
650 #0 - SUBJECT ADDED ENTRY--TOPICAL TERM
Topical term or geographic name entry element Snowflakes
Form subdivision Juvenile fiction.
650 #0 - SUBJECT ADDED ENTRY--TOPICAL TERM
Topical term or geographic name entry element Stories in rhyme.
655 #7 - INDEX TERM--GENRE/FORM
Genre/form data or focus term Fiction.
Source of term lcgft
Authority record control number or standard number https://id.loc.gov/authorities/genreForms/gf2014026339
700 ## - ADDED ENTRY--PERSONAL NAME
Personal name Wellington, Monica
906 ## - LOCAL DATA ELEMENT F, LDF (RLIN)
a 7
b cbc
c copycat
d 3
e ncip
f 20
g y-gencatlg
942 ## - ADDED ENTRY ELEMENTS (KOHA)
Source of classification or shelving scheme Dewey Decimal Classification
Koha item type Books
Suppress in OPAC No
Holdings
Withdrawn status Lost status Source of classification or shelving scheme Damaged status Not for loan Collection Home library Current library Shelving location Date acquired Total Checkouts Full call number Barcode Date last seen Date last checked out Copy number Price effective from Koha item type
    Dewey Decimal Classification     Juvenile Fiction Footprints International School Library Network Toul Tom Poung Campus Footprints International School Library Network Toul Tom Poung Campus TTP Primary Dark Blue Bookshelves 09/10/2025 2 MET 454 PZ7.M56775 L FIS01600 03/20/2026 03/13/2026 1 09/10/2025 Books